000 00673cam a22002413a 4500
001 12347
003 PGUSA
005 20140828083248.0
008 040501s2004||||xxu|||||s|||||000 1 eng d
040 _aPGUSA
_beng
042 _adc
050 4 _aPS
100 1 _aStoddard, Elizabeth,
_d1823-1902
245 1 4 _aThe Morgesons :
_bA Novel
_h[electronic resource] /
_cElizabeth Stoddard
260 _bProject Gutenberg,
_c2004
506 _aPublic domain in the USA.
516 _aElectronic text
653 _aYoung women -- Fiction
653 _aBildungsromans
830 0 _aProject Gutenberg
_v12347
856 4 0 _uhttp://www.gutenberg.org/ebooks/12347
942 _cEB
999 _c241602
_d241602